Statistics for Random Smallest Neighbouring Countries

Click here to take the quiz!

General Stats

  • This quiz has been taken 496 times
  • The average score is 14 of 16

Answer Stats

Country...and it's smallest neighbour% Correct
PakistanAfghanistan
100%
SpainAndorra
100%
UruguayArgentina
100%
GeorgiaArmenia
100%
AzerbaijanArmenia
100%
TurkeyArmenia
100%
NetherlandsBelgium
100%
LuxembourgBelgium
100%
MexicoBelize
100%
NigeriaBenin
100%
NigerBenin
100%
IndiaBhutan
100%
LaosCambodia
100%
ChadCameroon
100%
MongoliaChina
100%
EcuadorColombia
100%
PanamaCosta Rica
100%
NicaraguaCosta Rica
100%
EthiopiaDjibouti
100%
HaitiDominican Republic
100%
IndonesiaEast Timor
100%
IndonesiaEast Timor
100%
PeruEcuador
100%
GuatemalaEl Salvador
100%
HondurasEl Salvador
100%
SudanEritrea
100%
MonacoFrance
100%
BelizeGuatemala
100%
Guinea-BissauGuinea
100%
Dominican RepublicHaiti
100%
NepalIndia
100%
NepalIndia
100%
United KingdomIreland
100%
PalestineJordan
100%
North MacedoniaKosovo
100%
ThailandLaos
100%
CambodiaLaos
100%
EstoniaLatvia
100%
LithuaniaLatvia
100%
SyriaLebanon
100%
SyriaLebanon
100%
Sierra LeoneLiberia
100%
AustriaLiechtenstein
100%
BelgiumLuxembourg
100%
KosovoMontenegro
100%
BangladeshMyanmar
100%
South KoreaNorth Korea
100%
United Arab EmiratesOman
100%
YemenOman
100%
Costa RicaPanama
100%
ColombiaPanama
100%
ColombiaPanama
100%
Saudi ArabiaQatar
100%
MoldovaRomania
100%
TanzaniaRwanda
100%
MaliSenegal
100%
GambiaSenegal
100%
PolandSlovakia
100%
Czech RepublicSlovakia
100%
North KoreaSouth Korea
100%
GuyanaSuriname
100%
LiechtensteinSwitzerland
100%
BeninTogo
100%
GhanaTogo
100%
GhanaTogo
100%
AlgeriaTunisia
100%
AlgeriaTunisia
100%
South SudanUganda
100%
IrelandUnited Kingdom
100%
ArgentinaUruguay
100%
AngolaZambia
100%
EthiopiaDjibouti
75%
Czech RepublicSlovakia
75%
KenyaUganda
75%
NigeriaBenin
67%
SomaliaDjibouti
67%
PeruEcuador
67%
HondurasEl Salvador
67%
GreeceNorth Macedonia
67%
TogoBenin
50%
ChileBolivia
50%
GabonEquatorial Guinea
50%
NorwayFinland
50%
Papua New GuineaIndonesia
50%
TajikistanKyrgyzstan
50%
ZambiaMalawi
50%
RomaniaMoldova
50%
FranceMonaco
50%
Democratic Republic
of the Congo
Rwanda
50%
MauritaniaSenegal
50%
HungarySlovenia
50%
PortugalSpain
50%
AndorraSpain
50%
LibyaTunisia
50%
TurkmenistanUzbekistan
50%
ItalyVatican City
50%
MalawiZambia
50%
SpainAndorra
0%
IranArmenia
0%
NetherlandsBelgium
0%
LuxembourgBelgium
0%
ParaguayBolivia
0%
ChileBolivia
0%
NamibiaBotswana
0%
MalaysiaBrunei
0%
RwandaBurundi
0%
MongoliaChina
0%
SloveniaCroatia
0%
SlovakiaCzech Republic
0%
EritreaDjibouti
0%
CameroonEquatorial Guinea
0%
DjiboutiEritrea
0%
LatviaEstonia
0%
RussiaEstonia
0%
South AfricaEswatini
0%
MozambiqueEswatini
0%
South AfricaEswatini
0%
Republic of the CongoGabon
0%
Equatorial GuineaGabon
0%
SenegalGambia
0%
ArmeniaGeorgia
0%
El SalvadorGuatemala
0%
GuineaGuinea-Bissau
0%
SurinameGuyana
0%
VenezuelaGuyana
0%
BhutanIndia
0%
East TimorIndonesia
0%
KuwaitIraq
0%
EgyptIsrael
0%
LebanonIsrael
0%
San MarinoItaly
0%
Vatican CityItaly
0%
MontenegroKosovo
0%
AlbaniaKosovo
0%
SerbiaKosovo
0%
IraqKuwait
0%
KazakhstanKyrgyzstan
0%
CambodiaLaos
0%
VietnamLaos
0%
MyanmarLaos
0%
LithuaniaLatvia
0%
BelarusLatvia
0%
Côte d'IvoireLiberia
0%
TunisiaLibya
0%
SwitzerlandLiechtenstein
0%
GermanyLuxembourg
0%
BruneiMalaysia
0%
United StatesMexico
0%
UkraineMoldova
0%
Bosnia and HerzegovinaMontenegro
0%
BulgariaNorth Macedonia
0%
SwedenNorway
0%
FinlandNorway
0%
BoliviaParaguay
0%
Central African RepublicRepublic of the Congo
0%
UgandaRwanda
0%
BurundiRwanda
0%
LiberiaSierra Leone
0%
CroatiaSlovenia
0%
EswatiniSouth Africa
0%
LesothoSouth Africa
0%
MoroccoSpain
0%
BrazilSuriname
0%
AfghanistanTajikistan
0%
UzbekistanTajikistan
0%
KyrgyzstanTajikistan
0%
Burkina FasoTogo
0%
KenyaUganda
0%
OmanUnited Arab Emirates
0%
CanadaUnited States
0%
ArgentinaUruguay
0%
BotswanaZambia
0%
ZimbabweZambia
0%

Score Distribution

Percentile by Number Answered

Percent of People with Each Score

Your Score History

You have not taken this quiz